=LDR 00000nam 2200000 4500 =001 INLIS000000000024101 =005 20130612122716 =008 ***********************************Ind** =035 ##$$0010-061300000024101 =041 ##$$a Ind =082 ##$$a 352.172 =090 ##$$a 352.172, Bus p =100 ##$$a Busroh, Abu Daud =245 ##$$a Pemerintah keuangan negara, Abu daud Busroh =260 ##$$a 1988 $b Jakarta =300 ##$$a 160 hlm, 21 cm =650 ##$$a Keuangan Negara =850 ##$$a NBPNMAT